| 000 | 00000nam 2200000za 4500 |
| 001 | 9.843749 |
| 003 | CaOODSP |
| 005 | 20221107152607 |
| 007 | cr ||||||||||| |
| 008 | 170915s1932 onc |o f|0| 0 eng d |
| 040 | |aCaOODSP|beng |
| 043 | |an-cn--- |
| 086 | |aCS62-D-65/1932E-PDF |
| 245 | 00|aFamily budgetary expenditures |h[electronic resource] : |breported by 53 Dominion civil service employees, May 1, 1931-April 30, 1932. |
| 260 | |aOttawa : |bDominion Bureau of Statistics, |c1932. |
| 300 | |a15 p. |
| 500 | |aDigitized edition from print [produced by Statistics Canada]. |
| 500 | |aCover title. |
| 692 | 07|2gccst|aBudgets |
| 692 | 07|2gccst|aEconomic conditions |
| 710 | 1 |aCanada. |bDominion Bureau of Statistics. |bInternal Trade Branch. |
| 710 | 1 |aCanada. |bDepartment of Trade and Commerce. |
| 856 | 40|qPDF|s2.71 MB|uhttps://publications.gc.ca/collections/collection_2017/statcan/CS62-D-65-1932-eng.pdf |
| 986 | |a62-D-65 |